Yes You Can Time The Market (Record no. 115934)

MARC details
000 -LEADER
fixed length control field 00342pam a2200145 a 4500
020 ## - INTERNATIONAL STANDARD BOOK NUMBER
Terms of availability
041 ## - LANGUAGE CODE
Language code of original
082 ## - DEWEY DECIMAL CLASSIFICATION NUMBER
Classification number 658.79999999999995
Item number STE
100 ## - MAIN ENTRY--PERSONAL NAME
Personal name Stein,B.
245 ## - TITLE STATEMENT
Title Yes You Can Time The Market
Medium Textual Documents
260 ## - PUBLICATION, DISTRIBUTION, ETC.
Place of publication, distribution, etc. New York
Name of publisher, distributor, etc. John Wiley And Sons
Date of publication, distribution, etc. 2003
300 ## - PHYSICAL DESCRIPTION
Extent XII/193
700 ## - ADDED ENTRY--PERSONAL NAME
Personal name Demuth,P.
930 ## - EQUIVALENCE OR CROSS-REFERENCE-UNIFORM TITLE HEADING [LOCAL, CANADA]
Uniform title 9108
Holdings
Withdrawn status Lost status Damaged status Not for loan Collection Home library Current library Shelving location Date acquired Source of acquisition Cost, normal purchase price Total Checkouts Full call number Barcode Date last seen Date last checked out Copy number Price effective from Koha item type
          Abhijit Kadam Institute of Management & Social Science, Solapur Abhijit Kadam Institute of Management & Social Science, Solapur   13/09/2011 Bharati Madhyavarti Sahakari Grahakbhandar Limited 1190.00 2 658.79999999999995 STE AKS-M-10434 02/01/2026 26/12/2025 1 01/03/2023 Book